Представление документа в формате RUSMARC

ПолеНазваниеЗначение
  Тип записи a
  Библиографический уровень c
001 Контрольный номер RU/IS/BASE/308406938
005 Дата корректировки 20260522124646.0
010 Индекс ISBN __
a ISBN 978-5-8243-0878-5
d Цена 487-54
101 Язык документа 0_
a Язык текста rus
200 Заглавие и сведения об ответственности 1_
a Заглавие Избранное: Социология музыки
f Первые сведения об ответственности Теодор Адорно ; [пер. с нем. М. И. Левина, А. В. Михайлов]
b Общее обозначение материала Текст
210 Выходные данные 1_
a Место издания М.
c Издательство РОССПЭН
d Дата издания 2008
215 Физическое описание __
a Объем 448 с.
225 Серия 2_
a Серия Книга света
320 Библиография __
a Библиография Указ. имен : с. 435-442
327 Примечание о содержании 0_
a Примечание о содержании Moments musicaux
327 Примечание о содержании 0_
a Примечание о содержании Выдающийся музыкальный критик / А. В. Михайлов
327 Примечание о содержании 0_
a Примечание о содержании Концепция произведения искусства у Теодора В. Адорно / А. В. Михайлов
327 Примечание о содержании 0_
a Примечание о содержании Музыкальная социология: Адорно и после Адорно / А. В. Михайлов
327 Примечание о содержании 0_
a Примечание о содержании Отказ и отступление. Пространство молчания в произведениях Антона Веберна / А. В. Михайлов
327 Примечание о содержании 0_
a Примечание о содержании Космос смысла. Александр Михайлов: Жизнь в слове / Л. И. Сазонова
330 Аннотация __
a Аннотация Выдающийся музыкальный критик чутко прислушивался к становлению музыки XX века, выявлял пути ее развития.
517 Другие варианты заглавия 1_
a Другие варианты заглавия Социология музыки
600 Персоналии _1
a Персоналии (Фамилия) Адорно, Т.
c Дополнение к имени музыкальный критик
600 Персоналии _1
a Персоналии (Фамилия) Веберн, А.
c Дополнение к имени музыкант
600 Персоналии _1
a Персоналии (Фамилия) Шуберт, Ф.
c Дополнение к имени композитор
600 Персоналии _1
a Персоналии (Фамилия) Шенберг, А.
c Дополнение к имени композитор
600 Персоналии _1
a Персоналии (Фамилия) Штраус, Р.
c Дополнение к имени композитор немецкий
f Даты 1864-1949
g Полное имя Рихард
600 Персоналии _1
a Персоналии (Фамилия) Чайковский, П. И.
c Дополнение к имени композитор русский
f Даты 1840-1893
g Полное имя Петр Ильич
600 Персоналии _1
a Персоналии (Фамилия) Михайлов, А. В.
c Дополнение к имени музыкальный критик
606 Тематические рубрики __
a Основная рубрика Социология
606 Тематические рубрики __
a Основная рубрика Социология литературы и искусства
610 Ключевые слова 0_
a Ключевые слова социология музыки; музыкальная критика; музыкальные критики; персоналии; музыкальные направления; музыкальная социология; самопознание музыки; музыканты; композиторы
686 Индексы других классификаций __
a Классификационный индекс 60.562.6
700 Автор _1
a Фамилия Адорно
b Имя Т.
4 Код отношения 070
702 Вторичная интеллектуальная ответственность _1
a Фамилия Михайлов
b Имя А. В.
4 Код отношения 730
g Полное личное имя Александр Викторович
702 Вторичная интеллектуальная ответственность _1
a Фамилия Сазонова
b Имя Л. И.
4 Код отношения Автор
702 Вторичная интеллектуальная ответственность _1
a Фамилия Левина
b Имя М. И.
4 Код отношения Переводчик
801 Источник записи _0
a Страна RU
b Организация Муниципальное бюджетное учреждение культуры "Централизованная библиотечная система" г. Сургут (Центральная городская библиотека им. А. С. Пушкина)
g Правила каталогизации КиК/Елгина
801 Источник записи _1
a Страна RU
b Организация Муниципальное бюджетное учреждение культуры "Централизованная библиотечная система" г. Сургут (Центральная городская библиотека им. А. С. Пушкина)
g Правила каталогизации КиК/Елгина
852 Данные о местонахождении __
j Шифр хранения 60.562.6
c Каталожный индекс 60.562.6
i Авторский знак А 31
901 Тип документа __
t Тип документа x
903 Характеристики (МАРС) __
a Дата передачи 20091201
969 Тип издания __
a Тип издания сборник
990 Данные о заказе (DOS) __
j Количество экземпляров (DOS) 1
t N записи в КСУ для И/У (DOS) 200911